000 00754cam a2200229 4500
005 20230627130846.0
008 t19971997 ag spa
020 _a9505181779
050 0 4 _aHM73
_bL37 1997
100 1 _aLash, Scott
_eautor
240 1 _aSociology of postmodernism
_lEspañol
245 1 0 _aSociología del posmodernismo
_c / Scott Lash ; traducción Martha Eguía.
250 _a1a ed.
260 _aBuenos Aires, Argentina :
_bAmorrortu Editores,
_c1997
300 _a332 p. ;
_c23 cm.
490 0 _aBiblioteca de sociología
504 _aIncluye bibliografía: p. 325-332
650 7 _2lemb
_aSociología
650 7 _2lemb
_aPostmodernismo
_xAspectos sociales
700 1 _aEguía, Martha
_etraductor
942 _2lcc
_cLIB
999 _c54104
_d54104